000 00885nam a2200181Ia 4500
008 090124s9999 xx 000 0 und d
082 _b24471
_a522
100 _aगाडगीळ अमरेंद्र लक्ष्मण
245 _a" श्री रामकोश : खंड 2 रा, भाग 3:2, रामायण : पात्र दर्शन"
250 _a1
260 _c1983
300 _a32
600 _aगाडगीळ अमरेंद्र लक्ष्मण
630 _a" श्री रामकोश : खंड 2 रा, भाग 3:2, रामायण : पात्र दर्शन"
700 _aगाडगीळ अमरेंद्र लक्ष्मण
730 _a" श्री रामकोश : खंड 2 रा, भाग 3:2, रामायण : पात्र दर्शन"
942 _cBOOK
999 _c138029
_d138029